000 00959nam a22002537a 4500
005 20170124103155.0
010 _aA-973293
020 _c50.00
035 _aA-973293
037 _bCen Lib/Ret
040 _aDPL
_bHN
082 _a613.7
_bदेवव्र
100 _aदेवव्रत
_989487
245 _aसन्तुलित भोजन /
_cदेवव्रत
246 _aSantulit bhojan /
_bby Devavrat
260 _aदिल्ली
_bसंस्कार प्रकाशन
_c2000
270 _a4407, नई सड़क
_bदिल्ली
_e110006
300 _a111पृ.
_c21सेमी (सजिल्द)
650 _aसंतुलित भोजन
_9147
650 _aखाद्य और पोषण के आवश्यक
_989488
650 _aEssential of food and nutrition
_989489
650 _aHuman tutrition
_989490
942 _2ddc
_cHN
_h613.7
_mदेवव्र
999 _c120283
_d120283